Irrigation And Drainage Vol 1 (Record no. 388)

MARC details
000 -LEADER
fixed length control field 00328nam a22001577a 4500
020 ## - INTERNATIONAL STANDARD BOOK NUMBER
International Standard Book Number 81-204-0507-2
041 ## - LANGUAGE CODE
Language code of text/sound track or separate title ENG
100 ## - MAIN ENTRY--PERSONAL NAME
Personal name Sharma .R.K
245 ## - TITLE STATEMENT
Title Irrigation And Drainage Vol 1
250 ## - EDITION STATEMENT
Edition statement Vol 1
260 ## - PUBLICATION, DISTRIBUTION, ETC. (IMPRINT)
Place of publication, distribution, etc Delhi
Name of publisher, distributor, etc Oxford
Date of publication, distribution, etc 1993
300 ## - PHYSICAL DESCRIPTION
Extent 333
650 ## - SUBJECT ADDED ENTRY--TOPICAL TERM
Topical term or geographic name as entry element IDE
700 ## - ADDED ENTRY--PERSONAL NAME
Personal name Sharma .T.K
856 ## - ELECTRONIC LOCATION AND ACCESS
Uniform Resource Identifier IDE
Holdings
Withdrawn status Lost status Source of classification or shelving scheme Damaged status Not for loan Home library Current library Shelving location Date acquired Cost, normal purchase price Total Checkouts Barcode Date last seen Price effective from Koha item type
    Dewey Decimal Classification     College of Agricultural Engineering and Technology, Dapoli , Library College of Agricultural Engineering and Technology, Dapoli , Library Book Cart 25/08/2021 108.00   000612 25/08/2021 25/08/2021 Books
    Dewey Decimal Classification     College of Agricultural Engineering and Technology, Dapoli , Library College of Agricultural Engineering and Technology, Dapoli , Library Book Cart 13/12/2021 108.00   T00040 13/12/2021 13/12/2021 Books

Contact Us: College of Agricultural Engineering and Technology, Dapoli, Dist.- Ratnagiri
Website: https://dbskkv.org Email: caetlibrary2015@gmail.com